000 00687nam a22002297i 4500
999 _c172618
_d172618
005 20190520112008.0
008 190520s2010 ii a|||b |||| 00| 1 tam d
020 _cRM21.00
_qpaperback
040 _aPPAK
_beng
_cPPAK
_erda
082 0 4 _223
_a894.8113
090 0 0 _a894.8113
_bBAL
_dK
245 0 0 _aBala Natu Nadodi Kathaigal =
_bKisah Pengembaraan
246 1 1 _aKisah Pengembaraan
264 1 _aChennai, India :
_bSri Selva Nilayam,
_c2010
300 _a184 pages :
_billustrations ;
_c18 cm
336 _2rdacontent
_atext
337 _2rdamedia
_aunmediated
338 _2rdacarrier
_avolume
650 1 0 _aTamil fiction
650 2 0 _aChildren's stories, Tamil
942 _2ddc
_cB